000 00895nam a2200241 i 4500
001 bg
245 1 0 _aApplications of computer systems ACS :
_bproceedings of the Second International Conference : Szczecin - Poland, December 8-9, 1995 /
_ced. Jerzy Sołdek ; Institute of Computer Science - Technical University of Szczecin [et al.].
260 _aSzczecin :
_bWydaw. Uczelniane PS,
_c1995.
300 _a241, [4] s. :
_bil. ;
_c24 cm.
500 _aTekst częśc. ros.
504 _aBibliogr. przy ref.
650 9 _aSystemy informatyczne
_xstosowanie
655 _aMateriały konferencyjne
700 1 _aSOŁDEK, Jerzy.
_eRed.
710 _aTechnical University of Szczecin
_bInstitute of Computer Science
020 _a8386359978
040 _cBPK
041 0 _aengrus
080 _a004(061)
920 _a83-86359-97-8
942 _cKS
008 s pl f |000 0 pol
999 _c43472
_d43472
856 _uhttp://koha.tu.koszalin.pl/cgi-bin/koha/opac-detail.pl?biblionumber=43472
_yKatalog online BPK